Las Crisis del maíz en Guatemala: las importaciones de maíz y la agricultura familiar /

Sábháilte in:
Sonraí bibleagrafaíochta
Príomhchruthaitheoir: Etten, Jacob van
Rannpháirtithe: Fuentes, Mario R.
Formáid: Téacs
Ábhair:
Clibeanna: Cuir clib leis
Níl clibeanna ann, Bí ar an gcéad duine le clib a chur leis an taifead seo!

MARC

LEADER 00000 a a2200000 04500
001 1138
003
040
100 |a Etten, Jacob van  
245 |a Las Crisis del maíz en Guatemala:   |b las importaciones de maíz y la agricultura familiar /  |c Jacob van Etten ; Mario R. Fuentes 
650 |a IMPORTACIONES  
650 |a MAIZ  
650 |a AGROINDUSTRIA  
650 |a PRODUCCION INDUSTRIAL  
650 |a SEGURIDAD ALIMENTARIA  
650 |a DESARROLLO RURAL  
650 |a TLC  
650 |a GUATEMALA  
700 |a Fuentes, Mario R.  
773 |g volumen 30, número 1 -2; páginas 51-66  
999 |c 36998  |d 36998 
773 0 |0 18765  |9 5207  |a Universidad de Costa Rica.  |d San José, Costa Rica: Editorial Universidad de Costa Rica, 1974-  |o 03261  |t Anuario de Estudios Centroamericanos /  |x 03777316